banner-ar

العنف الاصولى : مواجهات السيف والقلم / (Record no. 47887)

MARC details
000 -الفاتح
حقل البيانات ثابتة الطول 00672nam a2200229Ia 4500
008 - عناصر البيانات ثابتة الطول - معلومات عامة
حقل البيانات ثابتة الطول 140319s9999 xx 000 0 ara d
040 ## - مصدر الفهرسة
وكالة الفهرسة الأصلية GCL /
وكالة النسخ GCL
082 04 - رقم تصنيف ديوى العشرى
رقم التصنيف 301.635
رقم المادة ع ع
100 1# - المدخل الرئيسى - إسم شخصى
الإسم الشخصى عزيز العظمة
245 10 - بيان العنوان
العنوان العنف الاصولى : مواجهات السيف والقلم /
بيان المسئوليه,etc عزيز العظمة
700 1# - المدخل الاضافى - اسم شخصى
الإسم الشخصى انيس الجزائرى
700 1# - المدخل الاضافى - اسم شخصى
الإسم الشخصى احمد بسام ساعى
300 ## - الوصف المادى
التعداد 262 ص
490 ## - بيان السلسلة
عنوان السلسلة كتاب الناقد
رقم المجلد/ التعيين التسلسلي 0
650 04 - المدخل الاضافى بالموضوع-مصطلح موضوعى
مصطلح موضوعي العنف
650 04 - المدخل الاضافى بالموضوع-مصطلح موضوعى
مصطلح موضوعي المناقشات
650 04 - المدخل الاضافى بالموضوع-مصطلح موضوعى
مصطلح موضوعي التعصب الدينى
650 04 - المدخل الاضافى بالموضوع-مصطلح موضوعى
مصطلح موضوعي التطرف
650 04 - المدخل الاضافى بالموضوع-مصطلح موضوعى
مصطلح موضوعي سلمان رشدى
942 ## - عناصر المدخل الإضافي( كوها)
مصدر التصنيف او مخطط الترفيف Dewey Decimal Classification
Koha [default] item type كتاب
Holdings
حالة التراجع حالة الفقد حالة تلف ليس للاعارة المكان المؤقت الموقع الحالى تاريخ الاكتساب اجمالي اﻻعارات رقم الطلب الباركود تاريخ اخر مشاهدة تاريخ تفعيل السعر نوع وعاء كوها
        مكتبة القاهرة الكبرى مكتبة القاهرة الكبرى 03/26/2014   301.635\ع ع 115493 03/26/2014 03/26/2014 كتاب
        مكتبة القاهرة الكبرى مكتبة القاهرة الكبرى 03/26/2014   301.635\ع ع 115494 03/26/2014 03/26/2014 كتاب

Powered By

EGPV